| 000 | 01100cam a2200205 4500 | ||
|---|---|---|---|
| 001 | WB3934-15 | ||
| 008 | 030909n2003 000 0 eng u | ||
| 035 | _a(Sirsi) u123527 | ||
| 245 | _aCharter for housing association applicants and residents | ||
| 260 | _c2003 | ||
| 490 |
_aInside Housing _v 5 September 2003, 2(1) |
||
| 520 | _aCharter issued by the Housing Corporation sets out minimum standards of service that housing associations must provide. It sets out the basic level of service tenants can expect from landlords on matters including equality, applications for housing and rents. The charter replaces eight separate residents' charters issued in 1998 and 1999. For the Charter for housing association applicants and residents: http://www.housingcorplibrary.org.uk/housingcorp.nsf/AllDocuments/3D4B759D505129F780256D94003B5C1E | ||
| 590 | _aWB | ||
| 650 | _aHOUSING CORPORATION | ||
| 650 | _aHOUSING ASSOCIATIONS | ||
| 650 | _aRESIDENTS CHARTER | ||
| 650 | _aRENTS | ||
| 690 | _aPROPERTY-RESIDENTIAL PROPERTY-RESIDENTIAL LANDLORD AND TENANT-RESIDENTIAL TENANCIES | ||
| 942 | _n0 | ||
| 999 |
_c73372 _d73372 |
||